Millorar les condicions de vida: el moviment obrer a Catalunya, 1890-1914
保存先:
| 第一著者: | |
|---|---|
| フォーマット: | 図書 |
| 言語: | カタロニア語 |
| 出版事項: |
Barcelona, España
Graó
1992
|
| 版: | Tercera edició |
| シリーズ: | Biblioteca de la Classe,
22 |
| 主題: | |
| タグ: |
タグ追加
タグなし, このレコードへの初めてのタグを付けませんか!
|
MARC
| LEADER | 00000nam a2200000 a 4500 | ||
|---|---|---|---|
| 001 | UCN7868 | ||
| 003 | CL-VaPUC | ||
| 005 | 20231220094558.0 | ||
| 008 | 011026e19920000SP |||||||||||||||||cat|d | ||
| 999 | |c 298060 |d 298058 | ||
| 040 | |c Pontificia Universidad Católica de Valparaíso | ||
| 082 | 0 | 4 | |a 946.074 FER 1992 |2 21 |
| 100 | 0 | |a Fernández, Magda |e author |9 464056 | |
| 245 | 1 | 0 | |a Millorar les condicions de vida: |b el moviment obrer a Catalunya, 1890-1914 |
| 250 | |a Tercera edició | ||
| 260 | |a Barcelona, España |b Graó |c 1992 | ||
| 300 | |a 62 páginas | ||
| 490 | 0 | |a Biblioteca de la Classe, |v 22 | |
| 583 | |a last modification |c 20180417 04:25:56 |k Rodrigo Vera | ||
| 650 | 7 | |a HISTORIA DE ESPAÑA |2 CL-VaPUC |9 464057 |y 1890-1914 | |
| 650 | 7 | |a MOVIMIENTOS OBREROS |2 CL-VaPUC |9 464058 |z CATALUÑA |z ESPAÑA | |
| 650 | 0 | |a Clase obrera |z CATALUÑA |z ESPAÑA |9 317035 | |
| 650 | 0 | |a Lucha de clases |z CATALUÑA |z ESPAÑA |9 403122 | |
| 852 | |a BIBCUR | ||
| 942 | |c BK |2 ddc | ||
| 945 | |d 20011026 00:00:00 |a cmena | ||
| 952 | |0 0 |1 0 |2 ddc |4 0 |6 946_074000000000000_FER_1992 |7 0 |8 A |9 353393 |a BIBHIS |b BIBHIS |d 2019-11-21 |i 3765342 |o 946.074 FER 1992 |p 3765342 |r 2025-01-20 |t 1 |w 2019-11-21 |y BK |k HIS | ||